Introducción al existencialismo /
Nicola Abbagnano (1901-1990), filósofo italiano, presenta en esta obra un resumen de su libro titulado La estructura de la existencia, donde plantea su filosofía que él denomina existencialismo positivo, cuyo fundamento es el ser del hombre en sí, en la especificidad de su existir.
Bewaard in:
| Hoofdauteur: | |
|---|---|
| Andere auteurs: | |
| Formaat: | Boek |
| Taal: | Spaans |
| Gepubliceerd in: |
México :
Fondo de Cultura Económica,
1955, c1955
|
| Reeks: | (Breviarios ;
108) |
| Onderwerpen: | |
| Tags: |
Geen labels, Wees de eerste die dit record labelt!
|
MARC
| LEADER | 00000nam^a2200000^a^4500 | ||
|---|---|---|---|
| 001 | 000000246 | ||
| 005 | 20250521000000.0 | ||
| 009 | 20260310083020.021 | ||
| 037 | |a Acervo ITESO - Biblioteca | ||
| 041 | |a ESP | ||
| 082 | |a 082. |b BRE V. 108 | ||
| 100 | |a Abbagnano, Nicola |e (autor) | ||
| 240 | 1 | 4 | |a [La estructura de la existencia] |
| 245 | 1 | 0 | |a Introducción al existencialismo / |c N. Abbagnano ; tr. por J. Gaos. |
| 264 | 4 | |a México : |b Fondo de Cultura Económica, |c 1955, c1955 | |
| 300 | |a 180 p. | ||
| 336 | |a texto |b txt |2 rdacontenido | ||
| 337 | |a sin mediación |b n |2 rdamedio | ||
| 338 | |a volumen |b nc |2 rdasoporte | ||
| 440 | 1 | |a (Breviarios ; |v 108) | |
| 500 | |a Traducción de: Introduzione all'esistenzialismo | ||
| 520 | |a Nicola Abbagnano (1901-1990), filósofo italiano, presenta en esta obra un resumen de su libro titulado La estructura de la existencia, donde plantea su filosofía que él denomina existencialismo positivo, cuyo fundamento es el ser del hombre en sí, en la especificidad de su existir. | ||
| 649 | |a XX | ||
| 650 | |a Libertad | ||
| 650 | |a Trascendencia | ||
| 650 | |a Ontología | ||
| 650 | |a Historia - |x Filosofía | ||
| 650 | |a Estética | ||
| 650 | |a Existencialismo - |x Tema Principal | ||
| 650 | |a Antropología Filosófica | ||
| 650 | |a Filosofía de la Naturaleza | ||
| 650 | |a Filosofía del Siglo XX | ||
| 650 | |a Filosofía Italiana - |y Siglo XX | ||
| 700 | |a Gaos, José |e (traducción) | ||
| 910 | |a Fondo General | ||
| 920 | |a Impresos - Libros | ||
| 930 | |a Colección General | ||
| 905 | |a 101 | ||
| 901 | |a 0500205600 |b IT1 |c ACC |i 000246 |u 20250521 | ||
| 902 | |a https://opac.biblio.iteso.mx/vufind/Record/000000246 | ||